Statistics for Prime Factors 2-100

Click here to take the quiz!

General Stats

  • This quiz has been taken 22 times
    (16 since last reset)
  • The average score is 37 of 99

Answer Stats

NumberPrime factors% Correct
22
100%
33
100%
42,2
75%
62,3
75%
55
75%
77
75%
1111
67%
82,2,2
67%
102,5
67%
93,3
67%
1313
58%
122,2,3
58%
1717
50%
1919
50%
222,11
50%
262,13
50%
162,2,2,2
50%
322,2,2,2,2
50%
242,2,2,3
50%
202,2,5
50%
282,2,7
50%
2323
50%
182,3,3
50%
302,3,5
50%
142,7
50%
2929
50%
3131
50%
333,11
50%
273,3,3
50%
153,5
50%
213,7
50%
255,5
50%
355,7
50%
342,17
42%
362,2,3,3
42%
3737
42%
4141
42%
4747
42%
642,2,2,2,2,2
33%
482,2,2,2,3
33%
802,2,2,2,5
33%
402,2,2,5
33%
602,2,3,5
33%
422,3,7
33%
502,5,5
33%
702,5,7
33%
393,13
33%
453,3,5
33%
4343
33%
5353
33%
5959
33%
497,7
33%
8383
33%
382,19
25%
442,2,11
25%
522,2,13
25%
682,2,17
25%
762,2,19
25%
722,2,2,3,3
25%
562,2,2,7
25%
462,23
25%
842,2,3,7
25%
1002,2,5,5
25%
582,29
25%
622,31
25%
662,3,11
25%
782,3,13
25%
542,3,3,3
25%
902,3,3,5
25%
742,37
25%
822,41
25%
862,43
25%
513,17
25%
573,19
25%
693,23
25%
933,31
25%
993,3,11
25%
813,3,3,3
25%
633,3,7
25%
753,5,5
25%
555,11
25%
655,13
25%
855,17
25%
6161
25%
6767
25%
7171
25%
777,11
25%
7373
25%
7979
25%
882,2,2,11
17%
962,2,2,2,2,3
17%
922,2,23
17%
942,47
17%
982,7,7
17%
873,29
17%
955,19
17%
917,13
17%
8989
17%
9797
17%

Score Distribution

Percentile by Number Answered

Percent of People with Each Score

Your Score History

You have not taken this quiz since the last reset